Mohammadan Law of Inheritance / (Record no. 184592)
[ view plain ]
| 000 -LEADER | |
|---|---|
| fixed length control field | 00942 a2200193 4500 |
| 003 - CONTROL NUMBER IDENTIFIER | |
| control field | Nust |
| 005 - DATE AND TIME OF LATEST TRANSACTION | |
| control field | 20221226090054.0 |
| 020 ## - INTERNATIONAL STANDARD BOOK NUMBER | |
| International Standard Book Number | 9693504933 |
| 040 ## - CATALOGING SOURCE | |
| Transcribing agency | Nust |
| 082 ## - DEWEY DECIMAL CLASSIFICATION NUMBER | |
| Classification number | 340.59,RUM |
| 100 ## - MAIN ENTRY--PERSONAL NAME | |
| Personal name | Rumsey, Alarmic |
| 9 (RLIN) | 105837 |
| 245 ## - TITLE STATEMENT | |
| Title | Mohammadan Law of Inheritance / |
| Statement of responsibility, etc. | Alarmic Rumsey |
| 260 ## - PUBLICATION, DISTRIBUTION, ETC. | |
| Place of publication, distribution, etc. | Lahore |
| Name of publisher, distributor, etc. | Sang-e-Meel Publications |
| Date of publication, distribution, etc. | 1994 |
| 300 ## - PHYSICAL DESCRIPTION | |
| Extent | xxviii, 420 p |
| Other physical details | illus |
| Dimensions | 24 cm |
| 505 ## - FORMATTED CONTENTS NOTE | |
| Formatted contents note | Object And Scope Of The Work (Page-1), Rules, Definitions And Explanations (Page-6), Of Shares And Their Respective Shares (Page-17), Of Residuaries (Page-25), Of Distant Kindred (Page-56), Of Division Of The Property Among Distant Kindred (Page-91), Of The Increase And Return (Page-110), Of Vested Inheritances (Page-120), Special Rights And Disabilities (Page-143), Of Marriage (Page-292), Of Dower (Page-344). |
| 600 ## - SUBJECT ADDED ENTRY--PERSONAL NAME | |
| Personal name | Rumsey, Alarmic |
| 9 (RLIN) | 105837 |
| 650 ## - SUBJECT ADDED ENTRY--TOPICAL TERM | |
| Topical term or geographic name entry element | Mohammadan Law of Inheritance |
| 9 (RLIN) | 105838 |
| 942 ## - ADDED ENTRY ELEMENTS (KOHA) | |
| Source of classification or shelving scheme | |
| Koha item type | Book |
| Call number prefix | 340.59,RUM |
| Withdrawn status | Lost status | Source of classification or shelving scheme | Damaged status | Not for loan | Permanent Location | Current Location | Shelving location | Date acquired | Full call number | Barcode | Date last seen | Price effective from | Koha item type | Public note |
|---|---|---|---|---|---|---|---|---|---|---|---|---|---|---|
| Military College of Signals (MCS) | Military College of Signals (MCS) | General Stacks | 12/12/2016 | 340.59,RUM | MCS2299 | 12/08/2016 | 12/12/2016 | Book | Almirah No. 50, Shelf No. 5 |
